Регионална библиотека "Любен Каравелов" - Русе

Европа - 12 звезди (Запис номер 101251)

MARC детайли
000 -Лидер
Контролно поле с фиксирана дължина 01256nam a2200349 c 4500
003 - Код на организацията, давaща контролен номер
Контролно поле BLK
005 - Дата и час на последна редакция
Контролно поле 20180422105404.0
008 - Елементи от данни с фиксирана дължина
fixed length control field 180409b bul|||||r ||||||| ||bul||
010 ## - Наследен системен номер
LC control number KNG00106294000
020 ## - Международен стандартен номер на книга ISBN
Международен стандартен номер на книга ISBN 954-649-556-5
-- издат.: Сиела Софт енд Паблишинг
040 ## - Източник на каталожния запис
Идентификатор на билиотеката - собственик на записа BLK
041 ## - Код за език
Код за езика на текст/звукозапис или на отделно заглавие Български
Код за езика КДБФ Български
072 #7 - Код за тематичната категория
Код организация bullib
Код за тематична категория Е
Текст Картотека "Европейски съюз"
080 ## - УДК
Текстов определител УДК Европейски съюз - политически аспекти
УДК код - определител по УДК 327.7:061.1ЕС
УДК определител
УДК - код + определител 327.7:061.1ЕС
100 1# - Редна дума - Автор
Автор Семов, Атанас
Авторска отговорност първи автор
R(LIN) 371881
139 ## - Редно поле
Редна дума Семов, Атанас
Авторски знак Сем - С 32
245 10 - Сведения за заглавието
Заглавие Европа - 12 звезди
Редно поле (дума) Атанас Семов.
257 ## - Страна на издаване
Страна на създаване/издаване България
260 ## - Област на издателските данни
-- София
Име на издателя, разпространителя и проч. Сиела Софт енд Паблишинг
Година на издаване 2003
300 ## - Физическа характеристика
Страници 124 с.
Размери/Мащаб 21 см
380 ## - Жанр
Жанр Обществени науки
500 ## - Общи забележки
Забележка Офс. изд. - Съдържа и Някои важни УЕБ-сайтове.
650 #4 - Допълнително описание по предмет – тема
Основно описание – тема или топоним Европейски съюз
9 (RLIN) 258188
653 ## - Ключова дума – ненормативна
Ключова дума Европейски съюз
653 ## - Ключова дума – ненормативна
Ключова дума ЕИО
659 ## - Тематичен бюлетин
Тематичен бюлетин Е
852 ## - Местоположение
Форматна сигнатура Цб 214929
856 4# - Електронен адрес и достъп
Електронен формат pdf - файл
Път до файла /url/
856 4# - Електронен адрес и достъп
Електронен формат pdf - файл
Път до файла /url/
942 ## - АРТИКУЛИ
Вид на библиотечния материал Книги
Скрит в OPAC Не
944 ## - СЪЗДАВАНЕ И РЕДАКЦИЯ на ЗАПИСА
Създаване/Редакция Създаване
Дата на регистрацията/редакция 01.01.2003
Служител, извършил регистрацията/редакцията Геновева_Генчева
944 ## - СЪЗДАВАНЕ И РЕДАКЦИЯ на ЗАПИСА
Създаване/Редакция Редакция
Дата на регистрацията/редакция 15.01.2008
Служител, извършил регистрацията/редакцията
999 ## - СИСТЕМНИ КОНТРОЛНИ НОМЕРА
Koha biblionumber 101251
Koha biblioitemnumber 101251
Наличности
Код за отписване Код за изгубен артикул Код за повреда Коз за рестрикции Код за отдаване Артикулен № Име на библиотеката - собственик Име на библиотеката, в която се намира в момента Статус (Текущо местоположение) Дата на вписване в системата Местоположение - отдел Цена в лева Инвентарен номер Систематично азбучна сигнатура Баркод Номер на екземпляра Цена в евро Служебна бележка Служебен тип на артикула
  Не е изгубен Не е повреден без рестрикции заемане за дома 162935 Регионална библиотека "Любен Каравелов" Русе Регионална библиотека "Любен Каравелов" Русе Заемна - подръчен фонд 2003-05-23 Заемна - подръчен фонд 4.00 120000676362 П 327.7/С 32 120000676362 1 2.05 Дост: Pk Вид: Ф N: 18 Дата: 23.05.2003 Дата инв: 06.02.2018 Бележки инв: П2018 Книги
  Не е изгубен Не е повреден без рестрикции ползва се в читалня 162936 Регионална библиотека "Любен Каравелов" Русе Регионална библиотека "Любен Каравелов" Русе Хранилище 2004-05-13 Хранилище 4.00 120000685407 Цб 214929 120000685407 2 2.05 Дост: Dp Вид: Д N: 28 Дата: 02.07.2003 Книги
Vip Innovations Ltd, Rousse, Bulgaria 2025